| 000 | 00778nam a2200217Ii 4500 | ||
|---|---|---|---|
| 003 | JO-AjNU | ||
| 008 | 230605s9999||||xx |||||||||||||| ||und|| | ||
| 017 | _a2022/5/2713 | ||
| 020 | _a978-9923-43-103-0 | ||
| 040 |
_aJO-AjNU _bara _erda _cJO-AjNU |
||
| 041 | _aara | ||
| 050 | 1 | 4 | _aQA76.9.2023 |
| 100 | 3 |
_aاللقاني، عبدالله, _eauthor _963406 |
|
| 245 | 0 | 0 | _aدور الامن السيبراني في تعزيز امن المعلومات المالية الالكترونية |
| 250 | _aط1 | ||
| 300 | _a254ص | ||
| 336 |
_atext _btxt _2rdacontent |
||
| 337 |
_aunmediated _bn _2rdamedia |
||
| 338 |
_avolume _bnc _2rdacarrier |
||
| 650 | 4 |
_aحماية البيانات-امن المعلومات-نظام المعلومات-شبكات الحواسيب _963407 |
|
| 999 |
_aA28760 _c32328 _d32328 |
||